| 000 | 00710nam a2200205 4500 | ||
|---|---|---|---|
| 003 | OSt | ||
| 005 | 20240723011846.0 | ||
| 006 | a | ||
| 008 | 240723b |||||||| |||| 00| 0 eng d | ||
| 020 | _a9780230716827 | ||
| 040 |
_aDWCL-Main lib. _cOC |
||
| 082 | _aCirc. 428 Em54b 2009 | ||
| 100 | _aEmmerson, Paul | ||
| 245 | _aBusiness vocabulary builder: intermediate to upper-intermediate: the words & phrases you need to succeed / | ||
| 260 |
_aOxford : _bMcMillan Education, _cc2009 |
||
| 300 |
_b176 p. : ill.: _c28 cm. |
||
| 650 | _a1. English language - Business English - Terminology. | ||
| 650 | _a2. English language - Business English - Problems, exercises, etc. | ||
| 942 |
_2ddc _n0 _cBK-CIRC _kCirc. |
||
| 999 |
_c2560 _d2560 |
||